000 00855nmc a2200301 a 4500
003 AR-BaBNM
005 20251128210020.0
008 158119s1992 ||||||||||||||000 | spa||
020 _a956-13-1001-5
040 _cAR-BaBNM
100 1 _aVerne, Jules
_d1828-1905
245 1 0 _aAlrededor de la luna
250 _a1ª ed.
260 _aSantiago de Chile
_bEditorial Andrés Bello
_c1992
300 0 _a97 p.
_bil.
490 0 _aCuentos y novelas infantiles y juveniles
_vv. 110
650 4 _aLITERATURA FRANCESA
650 4 _aCIENCIA FICCION
653 0 _aADAPTACIONES LITERARIAS
653 0 _aLITERATURA JUVENIL
653 0 _aLITERATURA DE VIAJES
653 0 _aNOVELA DE AVENTURAS
655 _aLITERATURA
700 1 _aDuhart, María Rosa
_earreglo
700 1 _aRojas Maffioletti, Carlos
_eilustrador
942 _cBK
998 _cMARTIN
999 _c13711
_d13711